Việt Nam gia nhập tổ chức thương mại thế giới thời cơ và thách thức

Sách cung cấp cho các tổ chức, cơ quan và doanh nghiệp có nhiều thông tin tổng quát, tòan diện hơn, để nắm bắt và hạn chế những khó khăn trước mắt cũng như tranh thủ đón nhận các cơ hội khi Việt Nam gia nhập WTO....

Descrición completa

Gardado en:
Detalles Bibliográficos
Autor Corporativo: Ủy ban Quốc gia về Hợp tác Kinh tế Quốc tế
Formato: Libro
Idioma:Undetermined
Publicado: Hà Nội Lao động 2006
Những chủ đề:
Các nhãn: Engadir etiqueta
Sen Etiquetas, Sexa o primeiro en etiquetar este rexistro!
Thư viện lưu trữ: Trung tâm Học liệu Trường Đại học Cần Thơ
LEADER 01061nam a2200205Ia 4500
001 CTU_116552
008 210402s9999 xx 000 0 und d
020 |c 275000 
082 |a 382.92 
082 |b U523 
110 |a Ủy ban Quốc gia về Hợp tác Kinh tế Quốc tế 
245 0 |a Việt Nam gia nhập tổ chức thương mại thế giới thời cơ và thách thức 
245 0 |c Ủy ban Quốc gia về Hợp tác Kinh tế Quốc tế 
260 |a Hà Nội 
260 |b Lao động 
260 |c 2006 
520 |a Sách cung cấp cho các tổ chức, cơ quan và doanh nghiệp có nhiều thông tin tổng quát, tòan diện hơn, để nắm bắt và hạn chế những khó khăn trước mắt cũng như tranh thủ đón nhận các cơ hội khi Việt Nam gia nhập WTO. 
650 |a International economic relations,Foreign trade 
904 |i Minh 
980 |a Trung tâm Học liệu Trường Đại học Cần Thơ